{"text_format":"3","workbook":"xlsx","n_sheets":3,"sheets":["원가","집계표","내역서"],"not_rendered":{"defined_names":2},"read":"whole","date_system":"1900"}

{"sheet":"원가","index":0,"n_rows":25,"n_cols":7,"rows_kept":25,"merged":[[0,0,0,6],[2,0,2,1],[2,2,2,4],[3,0,17,0],[3,1,5,1],[6,1,8,1],[9,1,17,1]]}
["공 사 원 가 계 산 서"]
["* 자갈치시장 노후 에스컬레이터 교체공사"]
["비      목",null,"구           분",null,null,"금     액","비                  고"]
["순   공   사   비","재료비",null,"직 접  재 료 비",null,{"$f":"집계표!E11","v":{"v":117574960,"d":"117,574,960"}}]
[{"$nulls":3},"작업설.부산물(△)",null,{"v":-407520,"d":"-407,520"},"(1,132kg*360원)"]
[{"$nulls":3},"소           계",null,{"$f":"SUM(F4:F5)","v":{"v":117167440,"d":"117,167,440"}}]
[null,"노무비",null,"직 접  노 무 비",null,{"$f":"집계표!G11","v":{"v":14101527,"d":"14,101,527"}}]
[{"$nulls":3},"간 접  노 무 비",null,{"$f":"INT(F7*7.9%)","v":{"v":1114020,"d":"1,114,020"}},"직접노무비 x 7.9%"]
[{"$nulls":3},"소           계",null,{"$f":"SUM(F7:F8)","v":{"v":15215547,"d":"15,215,547"}}]
[null,"경    비",null,"기  계   경  비",null,{"$f":"집계표!I11","v":{"v":240744,"d":"240,744"}}]
[{"$nulls":3},"산 재  보 험 료",null,{"$f":"INT(F9*3.75%)","v":{"v":570583,"d":"570,583"}},"노무비 x 3.75%"]
[{"$nulls":3},"고 용  보 험 료",null,{"$f":"INT(F9*0.87%)","v":{"v":132375,"d":"132,375"}},"노무비 x 0.87%"]
[{"$nulls":3},"산업안전보건관리비",null,{"$f":"INT((F6+F7)*3.09%)","v":{"v":4056211,"d":"4,056,211"}},"［(재료비+직접노무비)x3.09%］"]
[{"$nulls":3},"건 강 보 험 료",null,{"$f":"INT((F7)*3.23%)","v":{"v":455479,"d":"455,479"}},"직접노무비 x 3.23%"]
[{"$nulls":3},"연 금 보 험 료",null,{"$f":"INT((F7)*4.5%)","v":{"v":634568,"d":"634,568"}},"직접노무비 x 4.50%"]
[{"$nulls":3},"노인장기요양보험료",null,{"$f":"INT((F14)*8.51%)","v":{"v":38761,"d":"38,761"}},"건강보험료 x 8.51%"]
[{"$nulls":3},"기  타  경  비",null,{"$f":"INT(((F6+F9)*5.5%))","v":{"v":7281064,"d":"7,281,064"}},"(재료비+노무비)x5.5%"]
[{"$nulls":3},"소           계",null,{"$f":"SUM(F10:F17)","v":{"v":13409785,"d":"13,409,785"}}]
["계",{"$nulls":4},{"$f":"ROUNDUP(SUM(F6,F9,F18),0)","v":{"v":145792772,"d":"145,792,772"}}]
["일   반   관   리   비",{"$nulls":4},{"$f":"INT((F6+F9+F18)*6%)","v":{"v":8747566,"d":"8,747,566"}},"(재료비+노무비+경비) x 6%"]
["이                      윤",{"$nulls":4},{"$f":"INT((F9+F18+F20)*12%)","v":{"v":4484747,"d":"4,484,747"}},"(노무비+경비+일반관리비) x 12%"]
["도   급   공   사   비",{"$nulls":4},{"$f":"SUM(F19:F21)","v":{"v":159025085,"d":"159,025,085"}}]
["부   가   가   치   세",{"$nulls":4},{"$f":"TRUNC(F22*10%,0)","v":{"v":15902508,"d":"15,902,508"}},"10%"]
["도  급  공  사  비 계",{"$nulls":4},{"$f":"SUM(F22:F23)","v":{"v":174927593,"d":"174,927,593"}},"천단위미만절사"]
["총  공  사  비   계",{"$nulls":4},{"$f":"ROUNDDOWN(SUM(F24:F24),-3)","v":{"v":174927000,"d":"174,927,000"}}]

{"sheet":"집계표","index":1,"n_rows":11,"n_cols":12,"rows_kept":11,"merged":[[0,0,0,11],[1,0,2,0],[1,1,2,1],[1,2,2,2],[1,3,1,4],[1,5,1,6],[1,7,1,8],[1,9,1,10],[1,11,2,11]]}
["집   계   표"]
["공         종","수  량","단위","재     료     비",null,"노     무     비",null,"경            비",null,"합         계",null,"비 고"]
[{"$nulls":3},"단    가","금      액","단    가","금      액","단    가","금      액","단    가","금      액"]
["* 자갈치시장 노후 에스컬레이터 교체공사"]
[]
["1. 에스컬레이터(ASS'Y)",1,"SET",{"$f":"내역서!F20","v":{"v":107628800,"d":"107,628,800"}},{"$f":"D6","v":{"v":107628800,"d":"107,628,800"}},{"$nulls":5},{"$f":"SUM(E6,G6,I6)","v":{"v":107628800,"d":"107,628,800"}}]
["2. 에스컬레이터 설치",1,"식",{"$f":"내역서!F33","v":{"v":9863080,"d":"9,863,080"}},{"$f":"D7","v":{"v":9863080,"d":"9,863,080"}},{"$f":"내역서!H33","v":{"v":12286867,"d":"12,286,867"}},{"$f":"F7","v":{"v":12286867,"d":"12,286,867"}},{"$f":"내역서!J33","v":{"v":146300,"d":"146,300"}},{"$f":"H7","v":{"v":146300,"d":"146,300"}},null,{"$f":"SUM(E7,G7,I7)","v":{"v":22296247,"d":"22,296,247"}}]
["3. 에스컬레이터 철거",1,"식",{"$f":"내역서!F40","v":{"v":83080,"d":"83,080"}},{"$f":"D8","v":{"v":83080,"d":"83,080"}},{"$f":"내역서!H40","v":{"v":1814660,"d":"1,814,660"}},{"$f":"F8","v":{"v":1814660,"d":"1,814,660"}},{"$f":"내역서!J40","v":{"v":94444,"d":"94,444"}},{"$f":"H8","v":{"v":94444,"d":"94,444"}},null,{"$f":"SUM(E8,G8,I8)","v":{"v":1992184,"d":"1,992,184"}}]
[]
[]
["합    계",{"$nulls":3},{"$f":"SUM(E6:E10)","v":{"v":117574960,"d":"117,574,960"}},null,{"$f":"SUM(G6:G10)","v":{"v":14101527,"d":"14,101,527"}},null,{"$f":"SUM(I6:I10)","v":{"v":240744,"d":"240,744"}},null,{"$f":"SUM(K6:K10)","v":{"v":131917231,"d":"131,917,231"}}]

{"sheet":"내역서","index":2,"n_rows":40,"n_cols":13,"rows_kept":40,"merged":[[0,0,0,12],[1,0,2,0],[1,1,2,1],[1,2,2,2],[1,3,2,3],[1,4,1,5],[1,6,1,7],[1,8,1,9],[1,10,1,11],[1,12,2,12],[20,0,20,12],[21,0,22,0],[21,1,22,1],[21,2,22,2],[21,3,22,3],[21,4,21,5],[21,6,21,7],[21,8,21,9],[21,10,21,11],[21,12,22,12]]}
["내   역   서"]
["품         명","규       격","수  량","단위","재     료     비",null,"노     무     비",null,"경            비",null,"합         계",null,"비 고"]
[{"$nulls":4},"단    가","금      액","단    가","금      액","단    가","금      액","단    가","금      액"]
["* 자갈치시장 노후 에스컬레이터 교체공사"]
["1. 에스컬레이터(ASS'Y), 1200형, 5.4M",null,1,"SET"]
["    구동모터","고효율, 3상11kW",1,"대",{"v":7440000,"d":"7,440,000"},{"$f":"INT(C6*E6)","v":{"v":7440000,"d":"7,440,000"}},{"$nulls":5},{"$f":"SUM(F6,H6,J6)","v":{"v":7440000,"d":"7,440,000"}}]
["    보조브레이크","역주행 방지형",1,"SET",{"v":3300000,"d":"3,300,000"},{"$f":"INT(C7*E7)","v":{"v":3300000,"d":"3,300,000"}},{"$nulls":5},{"$f":"SUM(F7,H7,J7)","v":{"v":3300000,"d":"3,300,000"}}]
["    제어반 제작","IP54이상             (인버터방식)",1,"SET",{"v":4392000,"d":"4,392,000"},{"v":4392000,"d":"4,392,000"},{"$nulls":5},{"v":4392000,"d":"4,392,000"}]
["    인버터","속도가변형",1,"SET",{"v":3372000,"d":"3,372,000"},{"v":3372000,"d":"3,372,000"},{"$nulls":5},{"v":3372000,"d":"3,372,000"}]
["    구동스프라켓 제작(상,하부)","1200형",1,"식",{"v":4500000,"d":"4,500,000"},{"v":4500000,"d":"4,500,000"},{"$nulls":5},{"v":4500000,"d":"4,500,000"}]
["    트러스 ASSY","1200형",1,"식",{"v":11000000,"d":"11,000,000"},{"v":11000000,"d":"11,000,000"},{"$nulls":5},{"v":11000000,"d":"11,000,000"}]
["    핸드레일","1200형",80,"M",{"v":105600,"d":"105,600"},{"v":8448000,"d":"8,448,000"},{"$nulls":5},{"v":8448000,"d":"8,448,000"}]
["    핸드레일 구동부 ASSY","1200형",2,"SET",{"v":933000,"d":"933,000"},{"v":1866000,"d":"1,866,000"},{"$nulls":5},{"v":1866000,"d":"1,866,000"}]
["    스텝(미끄럼 방지형)","1200형",64,"EA",{"v":725000,"d":"725,000"},{"v":46400000,"d":"46,400,000"},{"$nulls":5},{"v":46400000,"d":"46,400,000"}]
["    스텝체인","1200형",64,"SET",{"v":112200,"d":"112,200"},{"v":7180800,"d":"7,180,800"},{"$nulls":5},{"v":7180800,"d":"7,180,800"}]
["    안전브러쉬","1200형",34,"M",{"v":45000,"d":"45,000"},{"v":1530000,"d":"1,530,000"},{"$nulls":5},{"v":1530000,"d":"1,530,000"}]
["    자동운전장치(포스트빔)","상,하부 2개소",4,"EA",{"v":800000,"d":"800,000"},{"v":3200000,"d":"3,200,000"},{"$nulls":5},{"v":3200000,"d":"3,200,000"}]
["    전선 및 기타소모품",null,1,"식",{"v":5000000,"d":"5,000,000"},{"v":5000000,"d":"5,000,000"},{"$nulls":5},{"v":5000000,"d":"5,000,000"}]
[]
["소     계",{"$nulls":4},{"$f":"SUM(F6:F19)","v":{"v":107628800,"d":"107,628,800"}},{"$nulls":5},{"$f":"SUM(L6:L19)","v":{"v":107628800,"d":"107,628,800"}}]
["내   역   서"]
["품         명","규       격","수  량","단위","재     료     비",null,"노     무     비",null,"경            비",null,"합         계",null,"비 고"]
[{"$nulls":4},"단    가","금      액","단    가","금      액","단    가","금      액","단    가","금      액"]
["2. 설    치"]
["양중","옥내용",1,"대",0,{"$f":"INT(C25*E25)","v":0},{"v":1778357,"d":"1,778,357"},{"$f":"INT(C25*G25)","v":{"v":1778357,"d":"1,778,357"}},0,null,null,{"$f":"SUM(F25,H25,J25)","v":{"v":1778357,"d":"1,778,357"}}]
["양중","검사 및 조정",1,"대",0,0,{"v":166180,"d":"166,180"},{"v":166180,"d":"166,180"},0,null,null,{"v":166180,"d":"166,180"}]
["양중","사용장비",1,"대",{"v":113080,"d":"113,080"},{"v":113080,"d":"113,080"},{"v":625864,"d":"625,864"},{"v":625864,"d":"625,864"},{"v":146300,"d":"146,300"},{"$f":"INT(C27*I27)","v":{"v":146300,"d":"146,300"}},null,{"v":885244,"d":"885,244"}]
["에스컬레이터 설치",null,1,"대",0,0,{"v":4798881,"d":"4,798,881"},{"v":4798881,"d":"4,798,881"},0,null,null,{"v":4798881,"d":"4,798,881"}]
["에스컬레이터 설치","검사 및 조정",1,"대",0,0,{"v":479885,"d":"479,885"},{"v":479885,"d":"479,885"},0,null,null,{"v":479885,"d":"479,885"}]
["공사용 칸막이 설치",null,1,"식",{"v":3500000,"d":"3,500,000"},{"v":3500000,"d":"3,500,000"},{"$nulls":5},{"v":3500000,"d":"3,500,000"}]
["에스컬레이터 ","외장작업",25,"㎡",{"v":250000,"d":"250,000"},{"v":6250000,"d":"6,250,000"},{"v":177508,"d":"177,508"},{"v":4437700,"d":"4,437,700"},0,null,null,{"v":10687700,"d":"10,687,700"}]
[]
["소     계",{"$nulls":4},{"$f":"SUM(F25:F32)","v":{"v":9863080,"d":"9,863,080"}},null,{"$f":"SUM(H25:H32)","v":{"v":12286867,"d":"12,286,867"}},null,{"$f":"SUM(J25:J32)","v":{"v":146300,"d":"146,300"}},null,{"$f":"SUM(L25:L32)","v":{"v":22296247,"d":"22,296,247"}}]
[]
["3. 철    거"]
["양중","옥내용",1,"대",null,null,{"v":533504,"d":"533,504"},{"$f":"INT(C36*G36)","v":{"v":533504,"d":"533,504"}},{"$nulls":3},{"$f":"SUM(F36,H36,J36)","v":{"v":533504,"d":"533,504"}}]
["양중","사용장비",1,"대",{"v":83080,"d":"83,080"},{"$f":"INT(C37*E37)","v":{"v":83080,"d":"83,080"}},{"v":420400,"d":"420,400"},{"$f":"INT(C37*G37)","v":{"v":420400,"d":"420,400"}},{"v":94444,"d":"94,444"},{"$f":"INT(C37*I37)","v":{"v":94444,"d":"94,444"}},null,{"$f":"SUM(F37,H37,J37)","v":{"v":597924,"d":"597,924"}}]
["에스컬레이터 철거",null,1,"대",null,null,{"v":860756,"d":"860,756"},{"$f":"INT(C38*G38)","v":{"v":860756,"d":"860,756"}},{"$nulls":3},{"$f":"SUM(F38,H38,J38)","v":{"v":860756,"d":"860,756"}}]
[]
["소     계",{"$nulls":4},{"$f":"SUM(F36:F39)","v":{"v":83080,"d":"83,080"}},null,{"$f":"SUM(H36:H39)","v":{"v":1814660,"d":"1,814,660"}},null,{"$f":"SUM(J36:J39)","v":{"v":94444,"d":"94,444"}},null,{"$f":"SUM(L36:L39)","v":{"v":1992184,"d":"1,992,184"}}]